Φαρμακολογία (Record no. 2063)
[ view plain ]
| 000 -LEADER | |
|---|---|
| fixed length control field | 01975cam a22001934a 4500 |
| 005 - ΗΜΕΡΟΜΗΝΙΑ ΚΑΙ ΩΡΑ ΤΕΛΕΥΤΑΙΑΣ ΕΝΗΜΕΡΩΣΗΣ | |
| Πεδίο ελέγχου | 20250605164029.0 |
| 008 - FIXED-LENGTH DATA ELEMENTS--GENERAL INFORMATION | |
| Πεδίο ελέγχου σταθερού μήκους | 250528s ||||||||||||||||||||||||d |
| 035 ## - SYSTEM CONTROL NUMBER | |
| System control number | 16574 |
| 040 ## - ΠΗΓΗ ΚΑΤΑΛΟΓΟΓΡΑΦΗΣΗΣ | |
| Φορέας πρωτότυπης καταλογογράφησης | MC Athens Campus Library |
| Γλώσσα καταλογογράφησης | Ελληνικά, Μοντέρνα (1453-) |
| Modifying agency | MC Athens Campus Library |
| Κανόνες περιγραφικής καταλογογράφησης | AACR2 |
| 245 1# - ΤΙΤΛΟΣ ΚΑΙ ΔΗΛΩΣΗ ΥΠΕΥΘΥΝΟΤΗΤΑΣ | |
| Τίτλος | Φαρμακολογία |
| 260 ## - PUBLICATION, DISTRIBUTION, ETC. | |
| Name of publisher, distributor, etc. | Ίδρυμα Ευγενίδου, |
| Date of publication, distribution, etc. | 1990 |
| 300 ## - PHYSICAL DESCRIPTION | |
| Extent | 136 |
| 520 ## - SUMMARY, ETC. | |
| Summary, etc. | Γενική Φαρμακολογία, Φάρμακο - Προέλευση - Μορφές - Ονομασίες - Δόσεις - Συνταγή, Τρόπος Δράσεων των Φαρμάκων, Θεωρία των Υποδοχέων - Δεσμοί Υποδοχέων Σχέση Δομής - Δράσεως - Ανταγωνισμός, Απορρόφηση - Διανομή (Κατανομή) - Αποθήκευση Μεταβολισμός - Αποβολή (Απέκκριση) Φαρμάκων, Παράγοντες που Επηρεάζουν την Ενέργεια Ενός Φαρμάκου, Συστηματική Φαρμακολογία, Φάρμακα του Αυτόνομου Νευρικού Συστήματος, Φάρμακα του Κεντρικού Νευρικού Συστήματος, Φάρμακα του Ενδοκρινικού Συστήματος, Φάρμακα του Καρδιαγγειακού Συστήματος, Φάρμακα του Πεπτικού Συστήματος, Φάρμακα του Ουροποιητικού Συστήματος, Φάρμακα του Αιμοποιητικού Συστήματος, Ανοσολογικό Σύστημα, Αντισταμινικά και Αντισεροτονικά Φάρμακα, Αντιμικροβιακά - Χημειοθεραπευτικά Φάρμακα, Αντισηπτικά - Απολυμαντικά Φάρμακα, Βιταμίνες. |
| 700 1# - ΠΡΟΣΘΕΤΗ ΑΝΑΓΡΑΦΗ--ΦΥΣΙΚΟ ΠΡΟΣΩΠΟ | |
| Personal name | Κεφαλάς Θρασύβουλος Αθ |
| 9 (RLIN) | 2664 |
| 700 1# - ΠΡΟΣΘΕΤΗ ΑΝΑΓΡΑΦΗ--ΦΥΣΙΚΟ ΠΡΟΣΩΠΟ | |
| Personal name | Παπαδόπουλος - Νταϊφωτής Ζ |
| 9 (RLIN) | 2665 |
| 942 ## - ADDED ENTRY ELEMENTS (KOHA) | |
| Koha item type | Books |
| Τύπος τεκμηρίου | Βιβλιοθήκη | Τρέχουσα τοποθεσία | Barcode | Αριθμός εισαγωγής | Ημερομηνία απόκτησης | Ταξιθετικό σύμβολο | Αριθμός αντιτύπου | Κατάσταση απόσυρσης | Κατάσταση χαμένου | Κατάσταση κατεστραμμένου | Μη δανεισμός | Σύνολο δανεισμών | Ημερομηνία τελευταίας εμφάνισης | Η τιμή ισχύει από |
|---|---|---|---|---|---|---|---|---|---|---|---|---|---|---|
| Books | MC Athens Campus Library | MC Athens Campus Library | 9780000020628 | 4279 | 05/06/2025 | 615.1 PAP | 1 | 05/06/2025 | 05/06/2025 |